[Event "Hastings Masters"]
[Site "Horntye, Hastings"]
[Date "2018.01.01"]
[Round "5.11"]
[White "Sengupta, Deep"]
[Black "Oyama, Akito"]
[Result "1-0"]
[BlackElo "2185"]
[WhiteElo "2586"]
[LiveChessVersion "1.4.8"]

1. e4 {[%clk 1:40:57]} c5 {[%clk 1:40:50]} 2. Nf3 {[%clk 1:41:24]} Nc6
{[%clk 1:41:15]} 3. c3 {[%clk 1:41:24]} d5 {[%clk 1:40:28]} 4. exd5
{[%clk 1:41:48]} Qxd5 {[%clk 1:40:52]} 5. d4 {[%clk 1:42:15]} Bf5
{[%clk 1:40:28]} 6. Be3 {[%clk 1:42:39]} Nf6 {[%clk 1:37:05]} 7. Na3
{[%clk 1:41:51]} cxd4 {[%clk 1:29:15]} 8. Bc4 {[%clk 1:41:56]} Qa5
{[%clk 1:23:05]} 9. Nxd4 {[%clk 1:42:13]} Nxd4 {[%clk 1:20:27]} 10. Bxd4
{[%clk 1:42:41]} e5 {[%clk 1:18:54]} 11. Bb5+ {[%clk 1:43:05]} Bd7
{[%clk 1:16:39]} 12. Bxd7+ {[%clk 1:43:32]} Nxd7 {[%clk 1:16:49]} 13. Nc4
{[%clk 1:43:57]} Qd5 {[%clk 1:08:38]} 14. Qe2 {[%clk 1:44:20]} Be7
{[%clk 1:03:10]} 15. Nxe5 {[%clk 1:31:42]} Nxe5 {[%clk 0:47:33]} 16. Qxe5
{[%clk 1:31:17]} Qxg2 {[%clk 0:43:20]} 17. Qb5+ {[%clk 1:28:08]} Kf8
{[%clk 0:42:55]} 18. O-O-O {[%clk 1:27:43]} Qg5+ {[%clk 0:42:39]} 19. Qxg5
{[%clk 1:28:07]} Bxg5+ {[%clk 0:43:06]} 20. Kc2 {[%clk 1:27:06]} b6
{[%clk 0:37:26]} 21. a4 {[%clk 1:15:00]} Bf4 {[%clk 0:36:25]} 22. a5
{[%clk 1:12:40]} Bc7 {[%clk 0:35:40]} 23. axb6 {[%clk 1:11:17]} axb6
{[%clk 0:35:18]} 24. Be3 {[%clk 1:10:22]} Rd8 {[%clk 0:28:37]} 25. Bf4
{[%clk 1:08:13]} Rxd1 {[%clk 0:25:01]} 26. Rxd1 {[%clk 1:08:41]} Bxf4
{[%clk 0:25:17]} 27. Rd8+ {[%clk 1:09:08]} Ke7 {[%clk 0:25:41]} 28. Rxh8
{[%clk 1:09:34]} Bxh2 {[%clk 0:26:02]} 29. Rxh7 {[%clk 1:10:00]} Bg1
{[%clk 0:26:27]} 30. Rxg7 {[%clk 1:08:37]} Bxf2 {[%clk 0:26:46]} 31. Kd3
{[%clk 1:09:02]} Ke6 {[%clk 0:26:10]} 32. Rg2 {[%clk 1:07:45]} Bc5
{[%clk 0:25:01]} 33. b4 {[%clk 1:04:00]} Bd6 {[%clk 0:24:43]} 34. Kc4
{[%clk 1:04:07]} Be5 {[%clk 0:21:11]} 35. Rc2 {[%clk 1:04:33]} f5
{[%clk 0:16:09]} 36. Kb5 {[%clk 1:04:45]} Bc7 {[%clk 0:16:28]} 37. Kc6
{[%clk 1:04:18]} Bd8 {[%clk 0:16:54]} 38. Re2+ {[%clk 1:03:41]} Kf7
{[%clk 0:16:57]} 39. Rd2 {[%clk 1:03:22]} Bg5 {[%clk 0:15:46]} 40. Rd3
{[%clk 1:03:46]} 1-0

[Event "Hastings Masters"]
[Site "Horntye, Hastings"]
[Date "2018.01.01"]
[Round "5.13"]
[White "Coleman, David J"]
[Black "Mannion, Stephen R"]
[Result "0-1"]
[BlackElo "2285"]
[WhiteElo "2076"]
[LiveChessVersion "1.4.8"]

1. e4 {[%clk 1:40:56]} e5 {[%clk 1:40:55]} 2. Nf3 {[%clk 1:41:08]} Nc6
{[%clk 1:41:19]} 3. d4 {[%clk 1:41:29]} exd4 {[%clk 1:41:43]} 4. Bc4
{[%clk 1:41:50]} Bc5 {[%clk 1:42:05]} 5. c3 {[%clk 1:42:06]} Nf6 {[%clk 1:42:23]}
6. e5 {[%clk 1:42:08]} d5 {[%clk 1:42:43]} 7. Be2 {[%clk 1:42:27]} d3
{[%clk 1:42:41]} 8. exf6 {[%clk 1:42:07]} dxe2 {[%clk 1:43:01]} 9. Qxe2+
{[%clk 1:42:17]} Be6 {[%clk 1:43:06]} 10. b4 {[%clk 0:43:30]} Bd6
{[%clk 1:24:43]} 11. b5 {[%clk 0:40:18]} Na5 {[%clk 1:24:56]} 12. fxg7
{[%clk 0:37:22]} Rg8 {[%clk 1:25:21]} 13. Bg5 {[%clk 0:37:28]} Be7
{[%clk 1:24:57]} 14. Bh6 {[%clk 0:31:17]} Bf6 {[%clk 1:22:30]} 15. O-O
{[%clk 0:29:42]} Bxg7 {[%clk 0:58:22]} 16. Bg5 {[%clk 0:24:30]} Bf6
{[%clk 0:56:41]} 17. Bf4 {[%clk 0:17:13]} Qe7 {[%clk 0:49:57]} 18. Nd4
{[%clk 0:13:57]} O-O-O {[%clk 0:46:58]} 19. Re1 {[%clk 0:12:49]} Rde8
{[%clk 0:46:39]} 20. Qf1 {[%clk 0:05:42]} Nc4 {[%clk 0:44:53]} 21. Nd2
{[%clk 0:05:07]} Nxd2 {[%clk 0:34:06]} 22. Bxd2 {[%clk 0:05:30]} Qd6
{[%clk 0:34:26]} 23. Qd3 {[%clk 0:05:19]} Rg6 {[%clk 0:33:17]} 24. Qf3
{[%clk 0:02:52]} Reg8 {[%clk 0:26:12]} 25. g3 {[%clk 0:02:29]} Bg4
{[%clk 0:26:19]} 26. Qf4 {[%clk 0:02:09]} Qd7 {[%clk 0:26:26]} 27. a4
{[%clk 0:02:04]} Bg5 {[%clk 0:26:18]} 0-1

[Event "Hastings Masters"]
[Site "Horntye, Hastings"]
[Date "2018.01.01"]
[Round "5.14"]
[White "Britton, Richard L"]
[Black "Hewson, Brian W R"]
[Result "1/2-1/2"]
[BlackElo "2007"]
[WhiteElo "2239"]
[LiveChessVersion "1.4.8"]

1. e4 {[%clk 1:37:35]} c6 {[%clk 1:40:56]} 2. d4 {[%clk 1:36:44]} d5
{[%clk 1:41:20]} 3. Nd2 {[%clk 1:37:10]} dxe4 {[%clk 1:39:41]} 4. Nxe4
{[%clk 1:37:33]} Nf6 {[%clk 1:39:50]} 5. Nxf6+ {[%clk 1:35:22]} exf6
{[%clk 1:40:14]} 6. c3 {[%clk 1:31:09]} Bd6 {[%clk 1:36:41]} 7. Bd3
{[%clk 1:29:59]} Nd7 {[%clk 1:27:54]} 8. Nf3 {[%clk 1:16:10]} O-O
{[%clk 1:23:44]} 9. O-O {[%clk 0:55:34]} Re8 {[%clk 1:21:58]} 10. Nh4
{[%clk 0:54:10]} Nf8 {[%clk 1:22:17]} 11. Qf3 {[%clk 0:54:24]} Bc7
{[%clk 1:14:45]} 12. Bf4 {[%clk 0:42:36]} Be6 {[%clk 1:03:24]} 13. a3
{[%clk 0:34:26]} Bxf4 {[%clk 0:53:03]} 14. Qxf4 {[%clk 0:34:50]} Ng6
{[%clk 0:46:15]} 15. Nxg6 {[%clk 0:34:53]} fxg6 {[%clk 0:46:25]} 16. Rfe1
{[%clk 0:33:12]} Qd7 {[%clk 0:42:35]} 17. Re3 {[%clk 0:29:38]} Bf7
{[%clk 0:39:28]} 18. Rae1 {[%clk 0:26:47]} g5 {[%clk 0:31:09]} 19. Qf5
{[%clk 0:21:04]} Qxf5 {[%clk 0:30:35]} 20. Bxf5 {[%clk 0:21:03]} g6
{[%clk 0:29:12]} 21. Be6 {[%clk 0:20:45]} Bxe6 {[%clk 0:27:16]} 22. Rxe6
{[%clk 0:21:09]} Rxe6 {[%clk 0:27:40]} 23. Rxe6 {[%clk 0:21:33]} Kf7
{[%clk 0:28:07]} 24. Re3 {[%clk 0:21:42]} Rd8 {[%clk 0:28:22]} 25. Kf1
{[%clk 0:21:55]} Rd5 {[%clk 0:28:02]} 26. b4 {[%clk 0:21:11]} a5 {[%clk 0:28:03]}
27. Ke2 {[%clk 0:21:30]} axb4 {[%clk 0:28:23]} 28. axb4 {[%clk 0:21:56]} g4
{[%clk 0:28:43]} 29. Re4 {[%clk 0:21:48]} Rh5 {[%clk 0:26:41]} 30. Rxg4
{[%clk 0:16:31]} Rxh2 {[%clk 0:27:05]} 31. Kd3 {[%clk 0:16:40]} h5
{[%clk 0:25:10]} 32. Rg3 {[%clk 0:15:43]} h4 {[%clk 0:22:43]} 33. Rh3
{[%clk 0:14:57]} Rxg2 {[%clk 0:14:57]} 34. Rxh4 {[%clk 0:15:21]} b5
{[%clk 0:14:56]} 35. Ke3 {[%clk 0:13:06]} Ke6 {[%clk 0:14:44]} 36. Rh8 1/2-1/2

[Event "Hastings Masters"]
[Site "Horntye, Hastings"]
[Date "2018.01.01"]
[Round "5.15"]
[White "Sugden, John N"]
[Black "Wall, Tim P"]
[Result "1/2-1/2"]
[BlackElo "2236"]
[WhiteElo "2059"]
[LiveChessVersion "1.4.8"]

1. e4 {[%clk 1:40:38]} b6 {[%clk 1:40:52]} 2. d4 {[%clk 1:40:01]} Bb7
{[%clk 1:41:13]} 3. Nc3 {[%clk 1:39:15]} e6 {[%clk 1:41:28]} 4. Nf3
{[%clk 1:37:30]} Bb4 {[%clk 1:41:31]} 5. Bd3 {[%clk 1:35:19]} Nf6
{[%clk 1:41:49]} 6. Qe2 {[%clk 1:28:31]} d5 {[%clk 1:39:42]} 7. exd5
{[%clk 1:24:23]} Qxd5 {[%clk 1:37:37]} 8. O-O {[%clk 1:19:30]} Bxc3
{[%clk 1:37:53]} 9. bxc3 {[%clk 1:19:44]} O-O {[%clk 1:36:21]} 10. c4
{[%clk 1:14:29]} Qh5 {[%clk 1:35:40]} 11. Ne5 {[%clk 1:11:01]} Qxe2
{[%clk 1:33:01]} 12. Bxe2 {[%clk 1:11:12]} Rd8 {[%clk 1:33:04]} 13. Be3
{[%clk 0:57:34]} Nbd7 {[%clk 1:28:25]} 14. Nxd7 {[%clk 0:51:51]} Rxd7
{[%clk 1:26:10]} 15. f3 {[%clk 0:51:49]} Rc8 {[%clk 1:23:09]} 16. Rfd1
{[%clk 0:47:54]} Kf8 {[%clk 1:08:05]} 17. Kf2 {[%clk 0:48:02]} Ke7
{[%clk 1:07:40]} 18. Rab1 {[%clk 0:46:10]} Bc6 {[%clk 1:02:53]} 19. Bd3
{[%clk 0:41:26]} Ba4 {[%clk 0:58:11]} 20. Rb4 {[%clk 0:32:12]} Bc6
{[%clk 0:57:47]} 21. Rb3 {[%clk 0:31:43]} Ra8 {[%clk 0:55:00]} 22. g3
{[%clk 0:29:47]} h6 {[%clk 0:54:30]} 23. Rd2 {[%clk 0:27:46]} g5 {[%clk 0:51:05]}
24. g4 {[%clk 0:24:23]} Rdd8 {[%clk 0:48:00]} 25. Rb1 {[%clk 0:22:54]} Rh8
{[%clk 0:46:13]} 26. Kg3 {[%clk 0:17:35]} Rag8 {[%clk 0:41:05]} 27. d5
{[%clk 0:16:56]} Bd7 {[%clk 0:39:34]} 28. Bd4 {[%clk 0:16:58]} h5
{[%clk 0:39:33]} 29. Re1 {[%clk 0:12:14]} Rh6 {[%clk 0:37:25]} 30. Bf5
{[%clk 0:10:41]} hxg4 {[%clk 0:36:25]} 31. Bxf6+ {[%clk 0:09:32]} Rxf6
{[%clk 0:29:07]} 32. dxe6 {[%clk 0:08:57]} fxe6 {[%clk 0:26:36]} 33. Bxg4
{[%clk 0:09:12]} Rgg6 {[%clk 0:24:20]} 34. Rd4 {[%clk 0:07:42]} Rh6
{[%clk 0:18:20]} 35. Re5 {[%clk 0:07:45]} Rhg6 {[%clk 0:18:05]} 36. Bh5
{[%clk 0:07:38]} Rg8 {[%clk 0:16:00]} 37. Bg4 {[%clk 0:07:04]} Bc6
{[%clk 0:16:10]} 38. Rd3 {[%clk 0:06:21]} Bd7 {[%clk 0:10:10]} 39. c5
{[%clk 0:02:29]} Bc6 {[%clk 0:08:50]} 40. Rde3 {[%clk 0:02:11]} Rgg6
{[%clk 0:08:00]} 41. Bh5 {[%clk 0:47:52]} Rg8 {[%clk 0:52:41]} 42. Bg4
{[%clk 0:47:28]} Rgg6 {[%clk 0:52:51]} 43. Bh5 {[%clk 0:47:44]} Rg8
{[%clk 0:53:01]} 44. Bg4 1/2-1/2

[Event "Hastings Masters"]
[Site "Horntye, Hastings"]
[Date "2018.01.01"]
[Round "5.16"]
[White "Chan, Kim Yew"]
[Black "Norinkeviciute, Rasa"]
[Result "0-1"]
[BlackElo "1993"]
[WhiteElo "2229"]
[LiveChessVersion "1.4.8"]

1. Nf3 {[%clk 1:36:49]} Nf6 {[%clk 1:39:51]} 2. c4 {[%clk 1:34:42]} e6
{[%clk 1:38:46]} 3. b3 {[%clk 1:34:57]} b6 {[%clk 1:39:03]} 4. Bb2
{[%clk 1:35:26]} Bb7 {[%clk 1:39:27]} 5. g3 {[%clk 1:35:35]} Be7 {[%clk 1:34:20]}
6. Bg2 {[%clk 1:35:59]} O-O {[%clk 1:34:45]} 7. O-O {[%clk 1:36:15]} d6
{[%clk 1:34:24]} 8. Nc3 {[%clk 1:35:48]} Nbd7 {[%clk 1:25:02]} 9. e3
{[%clk 1:32:44]} Ne4 {[%clk 1:20:13]} 10. Qc2 {[%clk 1:29:01]} Nxc3
{[%clk 1:16:45]} 11. Bxc3 {[%clk 1:29:20]} Qc8 {[%clk 1:15:33]} 12. Rfd1
{[%clk 1:15:55]} Nf6 {[%clk 1:10:16]} 13. Qb2 {[%clk 1:15:05]} c5
{[%clk 0:57:19]} 14. Rac1 {[%clk 1:05:05]} Bc6 {[%clk 0:54:48]} 15. d3
{[%clk 1:00:08]} Qb7 {[%clk 0:54:01]} 16. Ne1 {[%clk 0:56:24]} Bxg2
{[%clk 0:53:34]} 17. Nxg2 {[%clk 0:56:53]} Qf3 {[%clk 0:40:36]} 18. Ne1
{[%clk 0:50:42]} Qg4 {[%clk 0:37:05]} 19. Kg2 {[%clk 0:46:40]} h5
{[%clk 0:32:28]} 20. Nf3 {[%clk 0:44:44]} Nh7 {[%clk 0:27:19]} 21. h3
{[%clk 0:36:31]} Qg6 {[%clk 0:26:59]} 22. Kf1 {[%clk 0:35:49]} Qf5
{[%clk 0:22:17]} 23. Ke2 {[%clk 0:35:44]} Bf6 {[%clk 0:21:32]} 24. g4
{[%clk 0:33:10]} hxg4 {[%clk 0:19:51]} 25. hxg4 {[%clk 0:32:16]} Bxc3
{[%clk 0:20:00]} 26. Qxc3 {[%clk 0:32:43]} Qf6 {[%clk 0:19:35]} 27. d4
{[%clk 0:30:36]} Ng5 {[%clk 0:17:22]} 28. Nxg5 {[%clk 0:30:32]} Qxg5
{[%clk 0:17:46]} 29. f3 {[%clk 0:30:01]} Rad8 {[%clk 0:14:31]} 30. Rh1
{[%clk 0:28:26]} Qg6 {[%clk 0:10:52]} 31. Rh4 {[%clk 0:24:21]} Rfe8
{[%clk 0:09:21]} 32. Rch1 {[%clk 0:23:52]} Kf8 {[%clk 0:09:38]} 33. Kf2
{[%clk 0:20:43]} Ke7 {[%clk 0:08:03]} 34. Rh7 {[%clk 0:20:30]} Rg8
{[%clk 0:04:53]} 35. Kg3 {[%clk 0:20:22]} Qf6 {[%clk 0:03:29]} 36. Qd3
{[%clk 0:16:44]} g6 {[%clk 0:00:43]} 37. d5 {[%clk 0:11:48]} exd5
{[%clk 0:00:46]} 38. cxd5 {[%clk 0:11:51]} Rd7 {[%clk 0:00:38]} 39. R1h6
{[%clk 0:08:08]} Kf8 {[%clk 0:00:36]} 40. f4 {[%clk 0:04:05]} Qa1
{[%clk 0:00:34]} 41. a4 {[%clk 0:00:31]} Qe1+ {[%clk 0:36:17]} 42. Kf3
{[%clk 0:50:23]} Re7 {[%clk 0:36:08]} 43. Rh1 {[%clk 0:48:23]} Qb4
{[%clk 0:35:53]} 44. g5 {[%clk 0:47:19]} a6 {[%clk 0:31:40]} 45. Qc2
{[%clk 0:38:02]} Ke8 {[%clk 0:26:45]} 46. Rh8 {[%clk 0:25:02]} Rxh8
{[%clk 0:26:55]} 47. Rxh8+ Kd7 {[%clk 0:27:20]} 48. Kf2 {[%clk 0:23:01]} Kc7
{[%clk 0:26:40]} 49. Qd3 {[%clk 0:18:57]} b5 {[%clk 0:22:46]} 50. axb5
{[%clk 0:18:34]} axb5 {[%clk 0:22:51]} 51. Rf8 {[%clk 0:18:06]} Qa5
{[%clk 0:18:42]} 52. Qc2 {[%clk 0:17:08]} Qa1 {[%clk 0:18:17]} 53. Rh8
{[%clk 0:16:47]} Qxh8 0-1

[Event "Hastings Masters"]
[Site "Horntye, Hastings"]
[Date "2018.01.01"]
[Round "5.17"]
[White "Royset, Pal"]
[Black "Rogacewicz, Mikolaj"]
[Result "1-0"]
[BlackElo "1961"]
[WhiteElo "2208"]
[LiveChessVersion "1.4.8"]

1. e4 {[%clk 1:40:57]} e6 {[%clk 1:40:50]} 2. d4 {[%clk 1:41:11]} d5
{[%clk 1:41:11]} 3. Nc3 {[%clk 1:40:56]} Bb4 {[%clk 1:41:29]} 4. e5
{[%clk 1:40:22]} c5 {[%clk 1:41:46]} 5. a3 {[%clk 1:40:47]} Bxc3+
{[%clk 1:42:08]} 6. bxc3 {[%clk 1:41:11]} Ne7 7. a4 {[%clk 1:41:04]} Qa5
{[%clk 1:40:54]} 8. Bd2 {[%clk 1:40:26]} Nbc6 9. Bb5 {[%clk 1:38:43]} Bd7
{[%clk 1:34:07]} 10. Nf3 {[%clk 1:35:23]} Rc8 {[%clk 1:27:08]} 11. O-O
{[%clk 1:32:57]} Qc7 {[%clk 1:21:34]} 12. Re1 {[%clk 1:29:40]} Na5
{[%clk 1:21:03]} 13. dxc5 {[%clk 1:24:05]} Qxc5 {[%clk 1:18:31]} 14. Bxd7+
{[%clk 1:19:36]} Kxd7 {[%clk 1:18:48]} 15. Rb1 {[%clk 1:16:51]} b6
{[%clk 1:13:20]} 16. Nd4 {[%clk 1:15:50]} Nc4 {[%clk 1:09:17]} 17. Bc1
{[%clk 1:11:54]} Nc6 {[%clk 1:03:27]} 18. Rb5 {[%clk 1:05:16]} Qe7
{[%clk 1:01:39]} 19. Nf5 {[%clk 1:01:36]} exf5 {[%clk 0:32:21]} 20. Qxd5+
{[%clk 1:00:27]} Nd6 {[%clk 0:31:19]} 21. Ba3 {[%clk 0:56:20]} Qe6
{[%clk 0:27:53]} 22. Qd1 {[%clk 0:50:13]} Rhd8 {[%clk 0:23:00]} 23. exd6
{[%clk 0:39:37]} Qa2 {[%clk 0:21:09]} 24. Rb3 {[%clk 0:25:48]} Re8
{[%clk 0:19:33]} 25. Re7+ {[%clk 0:24:13]} Nxe7 {[%clk 0:12:51]} 26. dxe7+
{[%clk 0:24:26]} Kc6 {[%clk 0:10:45]} 27. Qd6+ {[%clk 0:20:35]} Kb7
{[%clk 0:10:50]} 28. Qd5+ {[%clk 0:20:22]} Kc7 {[%clk 0:10:58]} 29. Bd6+
{[%clk 0:20:04]} Kd7 {[%clk 0:10:29]} 30. Be5+ {[%clk 0:20:19]} 1-0

[Event "Hastings Masters"]
[Site "Horntye, Hastings"]
[Date "2018.01.01"]
[Round "5.18"]
[White "Graham, David B"]
[Black "Fowler, David"]
[Result "1-0"]
[BlackElo "1904"]
[WhiteElo "2204"]
[LiveChessVersion "1.4.8"]

1. e4 {[%clk 1:40:59]} d5 {[%clk 1:40:52]} 2. exd5 {[%clk 1:41:24]} Qxd5
{[%clk 1:41:18]} 3. Nc3 {[%clk 1:41:48]} Qd6 {[%clk 1:41:44]} 4. Bc4
{[%clk 1:40:33]} Nf6 {[%clk 1:36:56]} 5. d3 {[%clk 1:40:25]} c6 {[%clk 1:34:14]}
6. Nge2 {[%clk 1:40:11]} Bf5 {[%clk 1:32:07]} 7. Bf4 {[%clk 1:39:08]} Qd8
{[%clk 1:31:41]} 8. Ng3 {[%clk 1:38:15]} Bg6 {[%clk 1:31:59]} 9. h4
{[%clk 1:36:50]} h6 {[%clk 1:31:36]} 10. h5 {[%clk 1:36:52]} Bh7 {[%clk 1:32:01]}
11. Qf3 {[%clk 1:25:46]} e6 {[%clk 1:29:23]} 12. O-O-O {[%clk 1:26:06]} Be7
{[%clk 1:20:14]} 13. Nge4 {[%clk 1:17:54]} Nd5 {[%clk 1:12:37]} 14. Be5
{[%clk 1:13:24]} Rg8 {[%clk 1:08:31]} 15. Bxd5 {[%clk 0:56:32]} cxd5
{[%clk 1:06:17]} 16. Nb5 {[%clk 0:54:08]} dxe4 {[%clk 1:05:25]} 17. dxe4
{[%clk 0:54:28]} Qa5 {[%clk 0:58:24]} 18. Nc7+ {[%clk 0:53:45]} Kf8
{[%clk 0:58:47]} 19. Nxe6+ {[%clk 0:53:00]} Ke8 {[%clk 0:59:11]} 20. Nc7+
{[%clk 0:46:20]} Kf8 {[%clk 0:59:35]} 21. Qc3 {[%clk 0:40:28]} Qxa2
{[%clk 0:56:50]} 22. Nxa8 {[%clk 0:33:27]} Nc6 {[%clk 0:57:13]} 23. Rhe1
{[%clk 0:30:17]} Qe6 {[%clk 0:56:15]} 24. Bg3 {[%clk 0:23:42]} Qa2
{[%clk 0:51:59]} 25. Nc7 {[%clk 0:19:14]} 1-0

[Event "Hastings Masters"]
[Site "Horntye, Hastings"]
[Date "2018.01.01"]
[Round "5.19"]
[White "Eames, Robert S"]
[Black "Stoyanov, Viktor"]
[Result "1-0"]
[BlackElo "1950"]
[WhiteElo "2159"]
[LiveChessVersion "1.4.8"]

1. Nf3 {[%clk 1:40:52]} g6 {[%clk 1:40:46]} 2. e4 {[%clk 1:40:28]} Bg7
{[%clk 1:41:02]} 3. d4 {[%clk 1:40:43]} d6 {[%clk 1:41:23]} 4. Bc4
{[%clk 1:40:47]} Nf6 {[%clk 1:41:35]} 5. Qe2 {[%clk 1:40:16]} O-O
{[%clk 1:41:44]} 6. e5 {[%clk 1:40:27]} dxe5 7. dxe5 {[%clk 1:40:52]} Nd5
{[%clk 1:42:26]} 8. h3 {[%clk 1:39:13]} Nb6 {[%clk 1:40:10]} 9. Bb3
{[%clk 1:36:03]} Nc6 {[%clk 1:39:45]} 10. O-O {[%clk 1:35:21]} Na5
{[%clk 1:36:04]} 11. Rd1 {[%clk 1:33:02]} Qe8 {[%clk 1:35:40]} 12. Nc3
{[%clk 1:32:52]} a6 {[%clk 1:31:31]} 13. Bd5 {[%clk 1:27:04]} c6 {[%clk 1:28:41]}
14. Be4 {[%clk 1:25:40]} Be6 {[%clk 1:27:22]} 15. b3 {[%clk 1:22:24]} c5
{[%clk 1:24:10]} 16. Be3 {[%clk 1:19:06]} Nd7 {[%clk 1:21:47]} 17. Bf4
{[%clk 1:03:16]} Rc8 {[%clk 1:15:18]} 18. Nd5 {[%clk 1:00:31]} Nc6
{[%clk 1:11:19]} 19. c3 {[%clk 0:58:23]} Ncxe5 {[%clk 0:58:44]} 20. Nxe5
{[%clk 0:57:34]} Nxe5 {[%clk 0:58:33]} 21. Nb6 {[%clk 0:48:08]} Rd8
{[%clk 0:53:57]} 22. Bxb7 {[%clk 0:42:11]} Rxd1+ {[%clk 0:53:05]} 23. Rxd1
{[%clk 0:42:33]} Qb8 {[%clk 0:53:26]} 24. Na4 {[%clk 0:40:49]} Qxb7
{[%clk 0:52:36]} 25. Bxe5 {[%clk 0:40:44]} Bxe5 {[%clk 0:32:01]} 26. Qxe5
{[%clk 0:40:58]} c4 {[%clk 0:30:34]} 27. Nc5 {[%clk 0:37:47]} Qb8
{[%clk 0:27:42]} 28. Qxb8 {[%clk 0:36:19]} Rxb8 {[%clk 0:28:07]} 29. b4
{[%clk 0:36:26]} Rb6 {[%clk 0:27:04]} 30. a4 {[%clk 0:32:58]} Kg7
{[%clk 0:24:25]} 31. f4 {[%clk 0:26:24]} Kf6 {[%clk 0:20:40]} 32. Rd4
{[%clk 0:25:24]} Rc6 {[%clk 0:19:51]} 33. a5 {[%clk 0:24:52]} h5 {[%clk 0:18:33]}
34. Kf2 {[%clk 0:24:33]} Kf5 {[%clk 0:17:31]} 35. Kf3 {[%clk 0:23:31]} h4
{[%clk 0:17:43]} 36. Ke3 {[%clk 0:20:57]} Kf6 {[%clk 0:13:31]} 37. Ne4+
{[%clk 0:20:22]} Kg7 {[%clk 0:12:26]} 38. Nd2 {[%clk 0:17:59]} f6
{[%clk 0:10:40]} 39. Ne4 {[%clk 0:13:53]} Bf7 {[%clk 0:09:38]} 40. Nc5
{[%clk 0:13:35]} g5 {[%clk 0:02:43]} 41. f5 {[%clk 0:07:59]} Kf8 {[%clk 0:50:13]}
42. Nd7+ {[%clk 0:52:52]} Kg7 {[%clk 0:48:46]} 43. Nb8 {[%clk 0:52:48]} Rc8
{[%clk 0:48:56]} 44. Nxa6 {[%clk 0:52:16]} Be8 {[%clk 0:49:17]} 45. Nc5
{[%clk 0:50:55]} Bb5 {[%clk 0:48:29]} 46. Ne6+ {[%clk 0:49:15]} Kf7
{[%clk 0:47:02]} 47. Rd5 {[%clk 0:47:43]} Rb8 {[%clk 0:46:13]} 48. Nd4
{[%clk 0:41:04]} Ba6 {[%clk 0:46:12]} 49. b5 {[%clk 0:38:34]} Bb7
{[%clk 0:46:19]} 50. Nc6 {[%clk 0:38:24]} Bxc6 {[%clk 0:45:15]} 51. bxc6
{[%clk 0:38:48]} Rc8 {[%clk 0:45:08]} 52. Rc5 {[%clk 0:37:40]} e5
{[%clk 0:44:40]} 53. Ke4 {[%clk 0:33:59]} Ke7 {[%clk 0:43:25]} 54. Kd5
{[%clk 0:34:00]} Rd8+ {[%clk 0:42:57]} 55. Kxc4 {[%clk 0:34:20]} e4
{[%clk 0:40:05]} 56. c7 {[%clk 0:31:48]} Rc8 {[%clk 0:40:22]} 57. a6
{[%clk 0:29:16]} e3 {[%clk 0:36:07]} 58. Kd3 {[%clk 0:27:56]} Kd6
{[%clk 0:36:25]} 59. Rc4 {[%clk 0:28:06]} Kd5 {[%clk 0:36:17]} 60. Rd4+
{[%clk 0:23:36]} Kc6 {[%clk 0:35:22]} 61. a7 {[%clk 0:23:27]} Kb7
{[%clk 0:35:38]} 62. Rd8 {[%clk 0:23:47]} 1-0

[Event "Hastings Masters"]
[Site "Horntye, Hastings"]
[Date "2018.01.01"]
[Round "5.20"]
[White "Spanton, Tim R"]
[Black "Sun, Xinyue"]
[Result "0-1"]
[BlackElo "2146"]
[WhiteElo "1880"]
[LiveChessVersion "1.4.8"]

1. c4 {[%clk 1:40:57]} e5 {[%clk 1:40:45]} 2. Nc3 {[%clk 1:41:18]} Nf6
{[%clk 1:41:10]} 3. Nf3 {[%clk 1:41:44]} Nc6 {[%clk 1:41:36]} 4. e3
{[%clk 1:42:09]} Bb4 {[%clk 1:41:10]} 5. Qc2 {[%clk 1:42:33]} O-O
{[%clk 1:40:14]} 6. Nd5 {[%clk 1:42:57]} Bc5 {[%clk 1:33:54]} 7. a3
{[%clk 1:43:20]} a5 {[%clk 1:32:34]} 8. Bd3 {[%clk 1:43:44]} h6 {[%clk 1:32:21]}
9. b3 {[%clk 1:43:23]} d6 {[%clk 1:28:50]} 10. Bb2 {[%clk 1:43:26]} Nxd5
{[%clk 1:21:39]} 11. cxd5 {[%clk 1:43:41]} Ne7 {[%clk 1:22:05]} 12. Nxe5
{[%clk 1:40:46]} Nxd5 {[%clk 1:05:22]} 13. Nf3 {[%clk 1:36:29]} Nf6
{[%clk 0:55:31]} 14. h4 {[%clk 1:36:03]} Nh5 {[%clk 0:47:14]} 15. O-O-O
{[%clk 1:35:25]} Qe7 {[%clk 0:43:12]} 16. Bh7+ {[%clk 1:21:45]} Kh8
{[%clk 0:43:36]} 17. d4 {[%clk 1:21:31]} Bb6 {[%clk 0:42:06]} 18. d5
{[%clk 1:18:40]} a4 {[%clk 0:22:43]} 19. b4 {[%clk 1:18:20]} c5 {[%clk 0:22:55]}
20. dxc6 {[%clk 1:14:18]} Be6 {[%clk 0:22:03]} 21. Nd4 {[%clk 1:12:42]} Rac8
{[%clk 0:20:07]} 22. Nxe6 {[%clk 1:00:15]} fxe6 {[%clk 0:19:12]} 23. Bg6
{[%clk 0:56:34]} Rxc6 {[%clk 0:19:19]} 24. Bc3 {[%clk 0:56:51]} Rfc8
{[%clk 0:16:02]} 25. Rd3 {[%clk 0:56:58]} Nf6 {[%clk 0:15:51]} 26. Qxa4
{[%clk 0:45:08]} Nd5 {[%clk 0:14:05]} 27. Kd2 {[%clk 0:42:51]} Nxc3
{[%clk 0:14:16]} 28. Qb3 {[%clk 0:42:57]} Qf6 0-1